书目信息 |
| 题名: |
创造优秀建筑的工作流程
|
|
| 作者: | 施马尔 编著 ;赵娜冬 , 段智君 译 | |
| 分册: | ||
| 出版信息: | 北京 中国建筑工业出版社 2008.05 |
|
| 页数: | 221页 | |
| 开本: | 23cm | |
| 丛书名: | ||
| 单 册: | ||
| 中图分类: | TU721 | |
| 科图分类: | ||
| 主题词: | 建筑工程--jian zhu gong cheng--施工组织 | |
| 电子资源: | ||
| ISBN: | 978-7-112-09769-2 | |
| 000 | 01256nam0 2200277 450 | |
| 001 | 012008925728 | |
| 005 | 20191105083220.61 | |
| 010 | @a978-7-112-09769-2@dCNY69.00 | |
| 100 | @a20080902d2008 em y0chiy0120 ea | |
| 101 | 1 | @achi@cger |
| 102 | @aCN@b110000 | |
| 105 | @aa z 000yy | |
| 200 | 1 | @a创造优秀建筑的工作流程@Achuang zao you xiu jian zhu de gong zuo liu cheng@e建筑学与工程学的密切合作@d= Worflow@earchitecture-engineering@f(德) 彼得·卡拉克·施马尔编著@F(de)bi de·ka la ke·shi ma er bian zhu@g赵娜冬, 段智君译@Gzhao na dong,duan zhi jun yi@zeng |
| 210 | @a北京@c中国建筑工业出版社@d2008.05 | |
| 215 | @a221页@c图@d23cm | |
| 306 | @a经Birkhauser Verlag AG出版社授权出版 | |
| 330 | @a本书阐述了工程师的创造力,列举了工程师与建筑师合作的25项工程实例。内容包括:关于工程师的创造力;与蓝天组合作等。 | |
| 500 | 10 | @aWorflow : architecture-engineering@mChinese |
| 517 | 1 | @a建筑学与工程学的密切合作@Ajian zhu xue yu gong cheng xue de mi qie he zuo |
| 606 | 0 | @a建筑工程@Ajian zhu gong cheng@x施工组织 |
| 690 | @aTU721@v4 | |
| 701 | 1 | @a施马尔@Ashi ma er@g(Schmal, Peter Cachola)@4编著 |
| 702 | 0 | @a赵娜冬@Azhao na dong@4译 |
| 702 | 0 | @a段智君@Aduan zhi jun@4译 |
| 801 | 0 | @aCN@bQSSK@c20080902 |
| 905 | @b734655-57@dTU721@eS495@f3 | |
| 创造优秀建筑的工作流程:建筑学与工程学的密切合作= Worflow:architecture-engineering/(德) 彼得·卡拉克·施马尔编著/赵娜冬, 段智君译.-北京:中国建筑工业出版社,2008.05 |
| 221页:图;23cm |
| ISBN 978-7-112-09769-2:CNY69.00 |
| 本书阐述了工程师的创造力,列举了工程师与建筑师合作的25项工程实例。内容包括:关于工程师的创造力;与蓝天组合作等。 |
| ● |
| 相关链接 |
|
|
|
正题名:创造优秀建筑的工作流程
索取号:TU721/S495
 
预约/预借
| 序号 | 登录号 | 条形码 | 馆藏地/架位号 | 状态 | 备注 |
| 1 | 1232555 | 212325553 | 建筑库201/201建筑库 28排2列3层/ [索取号:TU721/S495] | 在馆 | |
| 2 | 1232556 | 212325562 | 建筑库201/201建筑库 28排2列3层/ [索取号:TU721/S495] | 在馆 | |
| 3 | 1232557 | 212325571 | 建筑库201/201建筑库 28排2列3层/ [索取号:TU721/S495] | 在馆 | |
| 4 | 1232558 | 212325580 | 建筑库201/201建筑库 28排2列3层/ [索取号:TU721/S495] | 在馆 | |
| 5 | 1232559 | 212325599 | 建筑库201/201建筑库 28排2列3层/ [索取号:TU721/S495] | 在馆 | |
| 6 | 1232560 | 212325606 | 建筑库201/201建筑库 28排2列3层/ [索取号:TU721/S495] | 在馆 | |
| 7 | 734655 | 207346558 | 建筑库201/201建筑库 28排2列3层/ [索取号:TU721/S495] | 在馆 | |
| 8 | 734656 | 207346567 | 建筑库201/201建筑库 28排2列3层/ [索取号:TU721/S495] | 在馆 | |
| 9 | 734657 | 207346576 | 建筑库201/201建筑库 28排2列3层/ [索取号:TU721/S495] | 在馆 |